1828 1952 1875 1494 1225 1072 1527 1800 1805 1065 1425 1916 1779 1448 1370 1426 1556 1442 1632 1068 1847 1159 1330 1632 1361 1912 1303 1763 1041 1599 1421 1609 1401 1407 1988 1891 1616 1207 1008 1081 1536 1155 1820 1921 1130 1273 1544 1527 1933 1979 1410 1755 1919 1973 1801 1297 1047 1175 1372 1729 1616 1052 1884 1105 1515 1737 1954 1951 1453 1800 1978 1590 1549 1892 1862 1422 1622 1637 1055 1321 1827 1494 1548 1652 1368 1255 1547 1371 1610 1017 1884 1949 1915 1010 1328 1540 1389 1935 1479 BCNSPRNW ULIB Ver.6.0+V

เปลี่ยนเป็นภาษาไทย

Change to English
 แสดงรายละเอียดบรรณานุกรม
  กลับหน้าหลัก

Brief Record : Get Marc (ISO 2709) : E-mail record : QR code < ปิดหน้าต่าง
LEADER : 00000nam 2200000uu 4500
001    13399114862
003     ULIB
008    120611s||||||||th 000 0 tha d
020    ^a9746453653(ล.1)
060  4 ^aWA525^bม246ก ล.1 2546
110 1  ^aมหาวิทยาลัยสุโขทัยธรรมาธิราช^bสาขาวิชาวิทยาศาสตร์สุขภาพ
245 00 ^aเอกสารการสอนชุดวิชา การบริหารองค์การและทรัพยากรสาธารณสุข หน่วยที่ 1-5=^bOrganization and public health resources management /^cสาขาวิชาวิทยาศาสตร์สุขภาพ มหาวิทยาลัยสุโขทัยธรรมาธิราช
246 0  ^aOrganization and public health resources management
250    ^aพิมพ์ครั้งที่ 1
260    ^aนนทบุรี:^bศูนย์หนังสือมหาวิทยาลัยสุโขทัยธรรมาธิราช,^c2546
300    ^a232 หน้า
650  7 ^aการบริหารสาธารณสุข
650  7 ^aทรัพยากรสาธารณสุข^xการจัดการ
945    ^p0^l0^i14724
995    ^aกัณชพร
999    ^aใช้งานได้ทุกระบบ
รายการนี้ยังไม่มีแท็ก
คุณยังไม่ได้ล็อกอิน คุณสามารถมีกิจกรรมร่วมกับเว็บไซต์ได้ แต่ต้องล็อกอินก่อน ::
  ล็อกอิน

รายการสื่อสารสนเทศ

ลำดับที่ ประเภท เลขเรียก/บาร์โค้ด สถานที่ สถานะ
- ไม่พบข้อมูล -

รายการใกล้เคียง
    หัวเรื่อง [การบริหารสาธารณสุข]

BibComment


ยังไม่เคยถูกคอมเมนท์

คอมเมนท์ทรัพยากรรายการนี้
  คอมเมนท์: เอกสารการสอนชุดว..


 Copyright 2026. Bcnsprnw @Library